00387pab a2200121 454500008004000000100003900040245012000079260000900199300001100208650001900219650001000238773001700248180718b2017 xxu||||| |||| 00| 0 eng d aZhadan, Vladimir Nikolaevich et al aGeneral social and personal-microenvironemntal determinants of crimes committed by minors in Russian modern society c2017 ap.1-9. aCrime - Russia aCrime aMan in India